000 00369nam a2200145Ia 4500
008 260624s2022 xx 000 0 und d
020 _a9789354654459
041 _aeng
082 _a616
100 _aArchith Boloor
245 _aAn Insider`s Guide to Clinical Medicine
250 _a2nd ed
260 _bJaypee Brothers Med. Pub.2022
_c2022
650 _aMedicine
999 _c1223042
_d1223042